00767nam a22002057a 450000500170000000800410001702000150005805000220007310000180009524000230011324501390013625000110027526000430028630000310032950400660036065000190042670000350044570000370048070000440051720260526083645.0180905b sp ||||| |||| 00| 0 spa d a847829025704aQC355.2bH43 20001 aHecht, Eugene10aOpticslespañol.10aÓpticac / Eugene Hecht ; traducción Raffaello Dal Col ; revisión técnica Rosa Weigand Talavera, José Manuel Guerra Pérez. a3a ed. aMadrid :bPearson Educación, c2000. ax, 708 p. :bil. ;c23 cm. aIncluye apéndices, bibliografía : p. 695-698 e índice. 72lembaÓptica1 aDal Col, Raffaello,etraductor1 aWeigand Talavera, Rosa,erevisor1 aGuerra Pérez, José Manuel,erevisor